| 000 | 00432nam a22001697a 4500 | ||
|---|---|---|---|
| 003 | OSt | ||
| 005 | 20140310182211.0 | ||
| 008 | 130906t xxu||||| |||| 00| 0 eng d | ||
| 020 | _a7204041143 | ||
| 050 |
_aDS 777.537 _b.T351 [ca.1990] |
||
| 082 |
_aHS 951 _bT29 199 |
||
| 245 |
_aTeu zhong : _bhistory |
||
| 300 |
_a757 p. : _c20 cm. |
||
| 651 |
_a History _x--Chinese language. _916770 |
||
| 942 |
_2lcc _cHS |
||
| 999 |
_c10468 _d10468 |
||